000 01448nam a2200217Ia 4500
003 Ost
005 20260507075655.0
008 260507s9999||||xx |||||||||||||| ||und||
020 _a9957330055
040 _cfsecg
041 _aara
082 _a346.07
100 _aاسماعيل، محمد حسين
_eمؤلف
245 0 _aالقانون التجاري /
_c محمد حسين اسماعيل
260 _aعمان:
_bمؤسسة الوراق,
_c2003
300 _a369 صفحة؛
_bإيضاحات ؛
_c24 سم
520 _aالأعمال التجارية والتجار: عموميات، معايير تمييز الأعمال التجارية، النظام القانوني للأعمال التجارية، الأعمال التجارية بالتبعية، الأعمال التجارية المخلطة، التاجر والتزاماته، صفة التاجر، الالتزام بمسك الدفاتر التجارية، القيد في السجل التجاري المحل التجاري والعقود التجارية: المحل التجاري، دعوى المنافسة غير المشروة، بيع المحل التجاري، رهن المحل التجاري، العقود التجارية، الرهن التجاري، عقد نقل البضائع، الوكالة بالعمولة، عقد السمسرة.
653 _aالأعمال التجارية
653 _aالقانون التجاري
942 _cكتاب
999 _c45676
_d45676